000 00409nam a2200157Ia 4500
008 230917s9999||||xx |||||||||||||| ||und||
040 _e195208
_aMAIN
041 _aEnglish
082 _a394.2 G564S(6)
100 _aGoldblatt, Joe
245 0 _aSpecial events: A new generation and the next frontier
250 _a6th ed.
260 _aHoboken
_bJohn Wiley
_c2011
300 _axxv, 550 p.
942 _cBK
999 _c164976
_d164976